000 00368 a2200145 4500
005 20250319143530.0
020 _a07-031161-7
082 _a513.93 HUM
100 _aHUMMEL, P. M..
245 _aMathematics of Finance
250 _a3rd Ed
260 _aNew York,
_bMcGraw- Hill Book Company,
_c1956.
300 _ax, 368p.: table,
_bindex,
_c23cm.
942 _2ddc
_cBKS
999 _c1011
_d1011